| 000 | 00361nam a22001337a 4500 | ||
|---|---|---|---|
| 082 | _aCP-87 | ||
| 100 |
_aSomana _951521 |
||
| 245 |
_aFundamentals of information and Communication Technologies _bCs 100 Course Pack |
||
| 260 |
_aRisalpur, _bMCE, _c2018. |
||
| 300 | _adifferent pages | ||
| 526 |
_a0 _b0 _c0 _dCP_87 |
||
| 700 |
_aRazia _951522 |
||
| 942 |
_2ddc _cBK |
||
| 999 |
_c554205 _d554205 |
||